000 00624nam a2200205Ia 4500
003 GCL
008 140319s9999 xx 000 0 ara d
040 _aGCL /
_cGCL
082 0 4 _a070
_bس ص
100 1 _aسامى عزيز
245 1 0 _aالصحافة مسئولية وسلطة /
_cسامى عزيز
260 _a[S.N] :
_bمؤسسة دار التعاون للطبع والنشر ،
_c1981
300 _a167 ص
490 _aسلسلة المكتبة الصحفية
_v0
650 0 4 _aالصحافة
650 0 4 _aالاعلام
650 0 4 _aوسائل الاعلام
650 0 4 _aالنشر
942 _2ddc
_cBK
999 _c35262
_d35262